[Event "AUT-ch U18 Girls"]
[Site "St Veit"]
[Date "2021.10.26"]
[Round "3.2"]
[White "Jeitler, Selina"]
[Black "Korp, Annika"]
[Result "0-1"]
[WhiteElo "1247"]
[BlackElo "1289"]
[PlyCount "110"]
[EventDate "2021.10.25"]
[EventType "swiss"]
[EventRounds "7"]
[EventCountry "AUT"]
[SourceTitle "EXT 2023"]
[Source "ChessBase"]
[SourceDate "2022.10.05"]
[SourceVersion "1"]
[SourceVersionDate "2022.10.05"]
[SourceQuality "1"]

1. e4 e6 2. d4 d5 3. Nc3 Bb4 4. e5 c5 5. a3 Bxc3+ 6. bxc3 Ne7 7. Qg4 Qc7 8. c4 cxd4 9. Qxd4 Nbc6 10. Qc3 Nxe5 11. Bb2 f6 12. cxd5 Qxc3+ 13. Bxc3 exd5 14. 0-0-0 0-0 15. Bb4 N5c6 16. Bc3 Bf5 17. h3 Rac8 18. Bb5 a6 19. Ba4 Ne5 20. Bb4 N5c6 21. Bc5 Rfd8 22. Re1 Kf7 23. Ne2 Ne5 24. Bxe7 Kxe7 25. Nd4 Bd7 26. Bb3 Kd6 27. Kb1 Nc4 28. Ka2 Nd2 29. Re3 a5 30. a4 Re8 31. Rhe1 Rxe3 32. Rxe3 Ne4 33. Rf3 Nc5 34. Rg3 g6 35. Re3 Nxa4 36. Bxa4 Bxa4 37. c3 Re8 38. Rxe8 Bxe8 39. Ka3 Kc5 40. Kb3 b5 41. Ne6+ Kd6 42. Nd4 Ke5 43. f3 Kf4 44. g4 Ke3 45. h4 b4 46. cxb4 axb4 47. Nc2+ Kxf3 48. Kxb4 Kxg4 49. Ne3+ Kxh4 50. Nxd5 f5 51. Nf6 f4 52. Kc3 Bb5 53. Kd2 h5 54. Ke1 Kg3 55. Ne4+ Kg2 0-1

[Event "AUT-ch U16 Girls"]
[Site "St Veit"]
[Date "2018.03.27"]
[Round "5"]
[White "Hanzlikova, Simona"]
[Black "Korp, Annika"]
[Result "1-0"]
[WhiteElo "1145"]
[BlackElo "953"]
[PlyCount "77"]
[EventDate "2018.03.25"]
[EventType "swiss"]
[EventRounds "7"]
[EventCountry "AUT"]
[SourceTitle "EXT 2019"]
[Source "ChessBase"]
[SourceDate "2018.10.10"]
[SourceVersion "1"]
[SourceVersionDate "2018.10.10"]
[SourceQuality "1"]

1. e4 b6 2. Nc3 Bb7 3. f3 e5 4. Nge2 Nf6 5. d4 exd4 6. Nxd4 Bb4 7. Bd2 d6 8. a3 Bxc3 9. Bxc3 c5 10. Nf5 0-0 11. Nxd6 Ba6 12. Bxa6 Nxa6 13. Nf5 Re8 14. 0-0 Nc7 15. a4 a5 16. b3 Re6 17. Rf2 Qxd1+ 18. Rxd1 Na6 19. Bb2 Nb4 20. Bxf6 Rxf6 21. c3 Nc6 22. Rfd2 Kf8 23. Rd6 Rxd6 24. Rxd6 Rc8 25. f4 g6 26. Ne3 Ke7 27. Rd5 Nd8 28. f5 gxf5 29. Nxf5+ Kf6 30. Rd6+ Ke5 31. Rxb6 Kxe4 32. Nd6+ Kd3 33. Nxc8 Kxc3 34. Nd6 h5 35. Rb5 Kb2 36. Rxc5 Kxb3 37. Rxa5 Nc6 38. Rxh5 Kxa4 39. Nxf7 1-0

[Event "AUT-ch U14 Girls"]
[Site "St Veit"]
[Date "2017.06.05"]
[Round "6.8"]
[White "Korp, Annika"]
[Black "Busta, Emilia"]
[Result "1-0"]
[WhiteElo "991"]
[BlackElo "905"]
[PlyCount "53"]
[EventDate "2017.06.03"]
[EventType "swiss"]
[EventRounds "7"]
[EventCountry "AUT"]
[SourceTitle "EXT 2024"]
[Source "ChessBase"]
[SourceDate "2023.10.10"]
[SourceVersion "1"]
[SourceVersionDate "2023.10.10"]
[SourceQuality "1"]

1. e4 c5 2. Nf3 d6 3. d4 cxd4 4. Nxd4 Nf6 5. Nc3 g6 6. Be3 Nc6 7. f3 Bg7 8. Qd2 h6 9. 0-0-0 0-0 10. g4 Re8 11. Nxc6 bxc6 12. Bxh6 Bh8 13. h4 Be6 14. h5 Nh7 15. hxg6 fxg6 16. f4 Bxg4 17. Be2 Be6 18. f5 gxf5 19. exf5 Bxc3 20. Rdg1+ Kf7 21. fxe6+ Kxe6 22. Qxc3 Rg8 23. Bg4+ Kf7 24. Bf5 Nf6 25. Qc4+ Ke8 26. Rxg8+ Nxg8 27. Qxg8# 1-0

[Event "AUT-ch U14 Girls"]
[Site "St Veit"]
[Date "2017.06.04"]
[Round "3.6"]
[White "Oberberger, Bianca"]
[Black "Korp, Annika"]
[Result "1/2-1/2"]
[WhiteElo "1099"]
[BlackElo "991"]
[PlyCount "72"]
[EventDate "2017.06.03"]
[EventType "swiss"]
[EventRounds "7"]
[EventCountry "AUT"]
[SourceTitle "EXT 2024"]
[Source "ChessBase"]
[SourceDate "2023.10.10"]
[SourceVersion "1"]
[SourceVersionDate "2023.10.10"]
[SourceQuality "1"]

1. d4 Nf6 2. e3 g6 3. Bd3 Bg7 4. f4 0-0 5. Nf3 d6 6. 0-0 Nfd7 7. c3 e5 8. Nbd2 f5 9. Bc4+ Kh8 10. Ng5 Qe7 11. Qe1 Bh6 12. Qh4 Bxg5 13. Qxg5 Qxg5 14. fxg5 Nc6 15. b4 Nd8 16. Nb3 Nb6 17. Be2 Nd5 18. Bd2 Nf7 19. h4 b6 20. Rf2 c5 21. bxc5 bxc5 22. dxc5 dxc5 23. Nxc5 e4 24. c4 Nc7 25. Bc3+ Kg8 26. Rff1 Ne6 27. Bb4 Rd8 28. Rfd1 a5 29. Ba3 Nxc5 30. Bxc5 Ba6 31. Bd4 Nd6 32. Rac1 Rac8 33. c5 Bxe2 34. Re1 Ba6 35. cxd6 Rxd6 36. Rxc8+ Bxc8 1/2-1/2

[Event "AUT-ch U14 Girls"]
[Site "St Veit"]
[Date "2016.05.16"]
[Round "5"]
[White "Felleitner, Christina"]
[Black "Korp, Annika"]
[Result "1-0"]
[WhiteElo "915"]
[BlackElo "820"]
[PlyCount "97"]
[EventDate "2016.05.14"]
[EventType "swiss"]
[EventRounds "7"]
[EventCountry "AUT"]
[SourceTitle "CBM 172 Extra"]
[Source "ChessBase"]
[SourceDate "2016.06.21"]
[SourceVersion "1"]
[SourceVersionDate "2016.06.21"]
[SourceQuality "1"]

1. e4 e6 2. Nc3 d5 3. Nf3 d4 4. Nb5 c5 5. c4 Nc6 6. d3 e5 7. Be2 Nf6 8. 0-0 Be7 9. Bg5 0-0 10. Bxf6 Bxf6 11. Qd2 b6 12. Na3 Bb7 13. Nc2 Qe7 14. a3 Na5 15. Rab1 Rad8 16. Rfe1 Bc6 17. b4 Nb7 18. a4 Bxa4 19. Na3 a5 20. b5 h6 21. Rb2 Rd7 22. Ra1 Bg5 23. Nxg5 Qxg5 24. Qxg5 hxg5 25. Nb1 Bxb5 26. Rxb5 Rd6 27. Nd2 Ra8 28. Bd1 g6 29. Rab1 Ra6 30. Ba4 Kg7 31. f3 f5 32. g3 g4 33. Kg2 Kf6 34. exf5 Kxf5 35. Rf1 g5 36. fxg4+ Kxg4 37. h3+ Kh5 38. Ne4 Re6 39. Rf5 Rg6 40. h4 Kg4 41. Rxg5+ Rxg5 42. hxg5 Kf5 43. Kf3 Nd8 44. g4+ Kg6 45. Rb1 Ne6 46. Be8+ Kg7 47. Bd7 Kf7 48. Bc8 a4 49. Bxa6 1-0

[Event "AUT-ch U14 Girls"]
[Site "St Veit"]
[Date "2016.05.14"]
[Round "2"]
[White "Fuerst, Gloria"]
[Black "Korp, Annika"]
[Result "1-0"]
[WhiteElo "1000"]
[BlackElo "820"]
[PlyCount "65"]
[EventDate "2016.05.14"]
[EventType "swiss"]
[EventRounds "7"]
[EventCountry "AUT"]
[SourceTitle "CBM 172 Extra"]
[Source "ChessBase"]
[SourceDate "2016.06.21"]
[SourceVersion "1"]
[SourceVersionDate "2016.06.21"]
[SourceQuality "1"]

1. d4 d5 2. Bf4 Nc6 3. e3 Nf6 4. Nf3 Bg4 5. Nbd2 e6 6. Bd3 Be7 7. c3 0-0 8. Qe2 Qd7 9. 0-0-0 Bd6 10. h3 Bxf3 11. Qxf3 Rac8 12. Bg5 Na5 13. Bxf6 gxf6 14. Qh5 f5 15. g4 f6 16. gxf5 Rf7 17. fxe6 Qxe6 18. Bf5 Qe8 19. Bxc8 Qxc8 20. Qh6 Bf8 21. Rhg1+ Kh8 22. Qh4 Bg7 23. Rg6 Kg8 24. Rg3 Qf5 25. Rdg1 Kf8 26. Qf4 Qh5 27. e4 dxe4 28. Qxe4 c6 29. Re1 Rd7 30. Qe6 Rc7 31. Qd6+ Kg8 32. Qd8+ Kf7 33. Qe8# 1-0